| 000 | 00505nam a22001817a 4500 | ||
|---|---|---|---|
| 003 | CEME | ||
| 005 | 20210628203017.0 | ||
| 008 | 210128b xxu||||| |||| 00| 0 eng d | ||
| 020 | _a9780520261327 | ||
| 040 | _c. | ||
| 082 | _a950.2 ROS | ||
| 100 |
_aRossabi, Morris _962845 |
||
| 245 | _aKhubilai khan ,his life and times | ||
| 260 |
_aLONDON _bUNIVERSITY OF CALIFORNIA PRESS _c2009 |
||
| 300 | _a317P | ||
| 650 |
_aBIOGRAPHY-KHUBILAI KHAN.KHUBILAI KHAN-HIS LIFE AND TIMES _962846 |
||
| 942 |
_cBK _2ddc |
||
| 999 |
_c571817 _d571817 |
||